Legislación y práctica impositiva /
Guardado en:
| Autor Principal: | |
|---|---|
| Formato: | Libro |
| Publicado: |
Buenos Aires :
El Ateneo,
1999
|
| Edición: | 4a. ed. |
| Materias: | |
| Etiquetas: |
Agregar Etiqueta
Sin Etiquetas, Sea el primero en etiquetar este registro!
|
| LEADER | 01221nam a22002775a 4500 | ||
|---|---|---|---|
| 001 | CEM.cems010225 | ||
| 008 | 130507s1999##################000#0#####d | ||
| 005 | 20211110173838.0 | ||
| 003 | CEMS | ||
| 245 | 1 | 0 | |a Legislación y práctica impositiva / |c Raquel Rosenberg |
| 250 | |a 4a. ed. | ||
| 260 | |a Buenos Aires : |b El Ateneo, |c 1999 | ||
| 300 | |a 184 p. | ||
| 505 | 0 | |a Los tributos -- Aspectos practicos de los impuestos nacionales -- Derecho tributario -- La dirección general impositiva para evitar la evasión -- Incumplimiento de las obligaciones fiscales -- Infracciones y sanciones que contemplan la ley de procedimientos fiscales y la ley penal tributaria y previsional -- Impuesto al valor agregado -- Impuesto a las ganancias -- Otros impuestos nacionales -- Impuestos provinciales -- Tasas municipales | |
| 590 | |a 1043.013 | ||
| 020 | |a 9500274329 | ||
| 100 | 1 | |a Rosenberg, Raquel | |
| 082 | 0 | 4 | |a 657.6 |
| 653 | |a Derecho tributario | ||
| 653 | |a Impuesto a las ganancias | ||
| 653 | |a Impuestos | ||
| 653 | |a Iva | ||
| 653 | |a Legislación impositiva | ||
| 653 | |a Biblioteca TC | ||
| 859 | |a CEMS |b BIB. CEMS - 11 de abril |h 657.6 |i R723 |p 20742.00 |t Ej.1 | ||
| 859 | |a CEMS |b BIB. CEMS - 11 de abril |h TC |p 1043.013 |t Ej.2 | ||
